Quick Pick: Real Zelda Games Quiz Stats

Quiz Updated Oct 12, 2017

Challenge
Share
Tweet
Embed
Score 0/8 Timer 01:00
1 Play Today
% Correct
The Legend of Zelda: Twilight Princess
91.3%
Zelda II: The Adventure of Link
87.2%
Hyrule Warriors
69.3%
Link's Crossbow Training
66.4%
Zelda: The Wand of Gamelon
66.4%
Zelda's Adventure
59.3%
Link: The Faces of Evil
56.5%
Zelda
54.6%

Today's Daily Dose

Word Ladder
KISS Hit

On This Day
January 22nd

You're not logged in!

Compare scores with friends on all Sporcle quizzes.
Sign Up with Email
OR
Log In

You Might Also Like...

Show Comments

Extras

Top Quizzes Today


Score Distribution

Your Account Isn't Verified!

In order to create a playlist on Sporcle, you need to verify the email address you used during registration. Go to your Sporcle Settings to finish the process.